00480nam a2200133Ia 4500008004100000082001400041100002400055245007500079260002200154300001100176650004200187952010000229999001700329120622s9999 xx 000 0 und d a580 N677t aNieto Roaro, Daniel aTratado elemental de botánica sistemática / por Daniel Nieto Roaro aMéxico : [s.n.] a248 p. a1. TAXONOMIA VEGETAL \ 2. BOTANICAÌ 00104070a01b01d2007-01-25l1o580 N677Tp01 002060r2014-02-26s2014-02-26w2012-06-24yLB c58795d58795